| 000 | 00776 a2200193 4500 | ||
|---|---|---|---|
| 003 | NUST | ||
| 005 | 20251124190343.0 | ||
| 040 | _cNust | ||
| 082 | _a621.382,AHM | ||
| 100 |
_aAhmed, Tanveer (TE-45/TCC-20) _9131485 |
||
| 245 |
_aDecoding of LDPC codes / _hTanveer Ahmed, Naeem Ullah Khan, Muhammad Bilal Arif and Rooha Shahid TE-45/TCC-20 |
||
| 260 |
_bRawalpindi _aMCS (NUST) _c2012 |
||
| 300 | _ax, 97 p.; | ||
| 505 | _aIntroduction (Page-1), System Overview (Page-6), MATLAB implementation (Page-21), python Implementation (Page-33), System Modules (Page-45), Analysis and Conclusion (Page-54), Bibliography (Page-128). | ||
| 650 |
_aUG Projects _998716 |
||
| 651 |
_aTE-45/TCC-20 _9131486 |
||
| 700 |
_aSupervised by Dr. Rizwan Ghaffar _9132054 |
||
| 942 |
_cPR _2ddc |
||
| 999 |
_c190680 _d190680 |
||